Historia del Arte (Record no. 84705)

MARC details
000 -LEADER
campo de control de longitud fija 00692nam a2200181 i 4500
001 - NÚMERO DE CONTROL
campo de control 84705
003 - IDENTIFICADOR DE NÚMERO DE CONTROL
campo de control ES-MaACL
005 - FECHA Y HORA DE LA ÚLTIMA TRANSACCIÓN
campo de control 20230906175056.0
007 - CAMPO FIJO DE DESCRIPCIÓN FÍSICA--INFORMACIÓN GENERAL
campo de control de longitud fija t|
008 - DATOS DE LONGITUD FIJA--INFORMACIÓN GENERAL
campo de control de longitud fija 041123s1965 sp ||||1| spa d
100 1# - ENTRADA PRINCIPAL--NOMBRE DE PERSONA
Nombre de persona Janson, H. W.
9 (RLIN) 66061
245 10 - MENCIÓN DEL TÍTULO
Título Historia del Arte
Resto del título : panorama de las artes plásticas de la Prehistoria a nuestros días /
Mención de responsabilidad, etc. R.W. Janson ; con la colaboración de Dora-Jane Janson ; [traducción por Francisco Payarols ; revisión de Alejandro Cirici].
260 ## - PUBLICACIÓN, DISTRIBUCIÓN, ETC.
Lugar de publicación, distribución, etc. Barcelona :
Nombre del editor, distribuidor, etc. Labor,
Fecha de publicación, distribución, etc. 1965.
300 ## - DESCRIPCIÓN FÍSICA
Extensión 567 p., 42 lám. :
Otras características físicas il. ;
Dimensiones 30 cm.
700 1# - ENTRADA AGREGADA--NOMBRE PERSONAL
Nombre de persona Payarols, Francisco.
9 (RLIN) 89715
700 1# - ENTRADA AGREGADA--NOMBRE PERSONAL
Nombre de persona Cirici, Alexandre.
9 (RLIN) 38890
852 ## - LOCALIZACIÓN
Ubicación ES-MaACL
Número de control de estantería C-26846
Sublocalización o colección R.56552
Holdings
Estatus retirado Estado de pérdida Estado de daño No para préstamo Biblioteca de origen Biblioteca actual Ubicación en estantería Fecha de adquisición Fuente de adquisición Total de préstamos Signatura topográfica completa Código de barras Visto por última vez Precio de reemplazo Tipo de ítem Koha
        Biblioteca del Ateneo de Madrid Biblioteca del Ateneo de Madrid Depósito 2 17/01/2008     C-26846 1088523 23/02/2023 23/02/2023 Libro impreso